| 000 | 00491nam a2200169 i 4500 | ||
|---|---|---|---|
| 001 | 94553 | ||
| 003 | ES-MaACL | ||
| 005 | 20230906181516.0 | ||
| 007 | t| | ||
| 008 | 050506s1972 sp ||||1| spa d | ||
| 100 | 1 |
_aLott, Milton. _974301 |
|
| 245 | 1 | 3 |
_aLa última cacería / _cMilton Lott; versión de José María Cañas. |
| 260 |
_aBarcelona : _bLuis de Caralt, _c1972. |
||
| 300 |
_a454 p. ; _c21 cm. |
||
| 700 | 1 |
_aCañas, José María. _934736 |
|
| 852 |
_aES-MaACL _jC-49561 _bR.81331 |
||
| 999 |
_c94553 _d94553 |
||